| 000 | 01818nam a2200265 a 4500 | ||
|---|---|---|---|
| 008 | 120416s1988 ||||||||||||||||| || u | ||
| 020 | _a0333460472 | ||
| 050 | _aTX 612 May | ||
| 100 | _aPenny, Anne | ||
| 245 | 1 | 0 |
_aMacmillan tropical and sub-tropical foods _cSusan Mayhew; Anne Penny |
| 260 |
_aLondon _bMacmillan _c1988 |
||
| 300 | _aiii, 291p.:ill. | ||
| 350 | _a0.00 | ||
| 650 | _aFOOD | ||
| 650 | _aFood crops--Tropics | ||
| 700 | _aMayhew, Susan | ||
| 995 |
_aANNEX COLLECTION (Main Library) _D0.00 _e737999 _FCBU-MAIN LIBRARY (Kitwe) _H1 _I0.00 _jTX 612 May _M8 _UAVAILABLE _WNov 12, 2007 _y737999 _ZAnnex Low-Usage Collection |
||
| 995 |
_aANNEX COLLECTION (Main Library) _D0.00 _e737996 _FCBU-MAIN LIBRARY (Kitwe) _H1 _I0.00 _jTX 612 May _M5 _UAVAILABLE _WNov 12, 2007 _y737996 _ZAnnex Low-Usage Collection |
||
| 995 |
_aANNEX COLLECTION (Main Library) _D0.00 _e731890 _FCBU-MAIN LIBRARY (Kitwe) _H2 _I0.00 _jTX 612 May _M2 _UAVAILABLE _y029171 _ZAnnex Low-Usage Collection |
||
| 995 |
_aMAIN LIBRARY OPEN ACCESS _D0.00 _e737995 _FCBU-MAIN LIBRARY (Kitwe) _H1 _I0.00 _jTX 612 May _M4 _UAVAILABLE _WNov 12, 2007 _y737995 _ZMain Library Open Access Collection |
||
| 995 |
_aMAIN LIBRARY OPEN ACCESS _D0.00 _e737997 _FCBU-MAIN LIBRARY (Kitwe) _H1 _I0.00 _jTX 612 May _M6 _UAVAILABLE _WNov 12, 2007 _y737997 _ZMain Library Open Access Collection |
||
| 995 |
_aANNEX COLLECTION (Main Library) _D0.00 _e731891 _FCBU-MAIN LIBRARY (Kitwe) _H1 _I0.00 _jTX 612 May _M1 _UAVAILABLE _y029166 _ZAnnex Low-Usage Collection |
||
| 995 |
_aANNEX COLLECTION (Main Library) _D0.00 _e737998 _FCBU-MAIN LIBRARY (Kitwe) _H1 _I0.00 _jTX 612 May _M7 _UAVAILABLE _WNov 12, 2007 _y737998 _ZAnnex Low-Usage Collection |
||
| 995 |
_aMAIN LIBRARY OPEN ACCESS _D0.00 _e737578 _FCBU-MAIN LIBRARY (Kitwe) _H1 _I0.00 _jTX 612 MAY _M3 _UAVAILABLE _WFeb 2, 2007 _y52964ZMain Library Open Access Collection |
||
| 999 |
_c82283 _d82283 |
||